000
00297nam a2200133Ia 4500
100
_a
Yiu/Joseph
650
_a
ARM cortex
942
_c
BK
245
_a
Definitive Guide to ARM CORTEX-M3 and CORTEX-M4 processors
260
_b
Elsevier
_c
2014
300
_a
818
546
_a
ENGLISH
999
_c
34933
_d
34933